00483 a2200181 450000100060000002000150000604000240002110000210004524000260006624500210009230000080011336200090012144000120013065000310014294200070017395201040018099900170028469378 a8508097638 cAnchieta - Itaigara aCadier, Florence10aEntre duas casaslpor10aEntre duas casas a1030 a2005 1aÁtica 4aLiteratura infanto-juvenil cBK 00104070a88.1b88.1d2023-11-21l0o028.5 CAD ENTp1631/ITAr2023-11-21 20:03:54w2023-11-21yBK c69378d69378